000
00253nam a2200097Ia 4500
082
_a
LP EF SLAD
245
0
_a
Murder most welcome
100
_a
Slade, Nicola Oxford, 2009
_9
91845
942
_c
BK
008
210817s9999 xx 000 0 und d
999
_c
373164
_d
373163